| 000 | 00000nam 2200000za 4500 |
| 001 | 9.603220 |
| 003 | CaOODSP |
| 005 | 20221107134154 |
| 007 | cr ||||||||||| |
| 008 | 150406s1999 onc|||||o f00| 0 fre d |
| 040 | |aCaOODSP|bfre |
| 043 | |an-cn--- |
| 086 | 1 |aM22-132/10-1999F-PDF |
| 110 | 1 |aCanada. |bRessources naturelles Canada. |
| 245 | 10|aRapport sur les options de la Table des municipalités |h[ressource électronique] / |bapprouvé par les membres de la Table des municipalités. |
| 260 | |aOttawa : |bLa Table,|c1999. |
| 300 | |a449p.|bfigures, graphique, tableaux |
| 590 | |a12-10-Supp|b2012-03-23 |
| 710 | 2 |aSecrétariat national du changement climatique (Canada).|bTable des municipalités. |
| 775 | 08|tFinal report, Municipalities Table options paper |w(CaOODSP)9.572975 |
| 776 | 0#|tMunicipalities / |w(CaOODSP)9.615167 |
| 856 | 40|ahttp://publications.gc.ca|qPDF|s1.21 Mo|uhttps://publications.gc.ca/collections/Collection/M22-132-10-1999F.pdf |